Fundamentals of Engineering Thermodynamics/ (Record no. 166443)

MARC details
000 -LEADER
fixed length control field 00567nam a22001817a 4500
010 ## - LCCN (DPL NO)
LC control number ENG-126059
020 ## - INTERNATIONAL STANDARD BOOK NUMBER
International Standard Book Number 978-93-8676-132-3
Terms of availability 995.00(hb)
035 ## - SYSTEM CONTROL NUMBER
System control number EN-109591
037 ## - SOURCE OF ACQUISITION
Source of stock number/acquisition DBAD/PUB
082 ## - DEWEY DECIMAL CLASSIFICATION NUMBER
Classification number 621.4021
100 ## - MAIN ENTRY--PERSONAL NAME
Personal name BABU,V.
245 ## - TITLE STATEMENT
Title Fundamentals of Engineering Thermodynamics/
Statement of responsibility, etc by V.BABU
260 ## - PUBLICATION, DISTRIBUTION, ETC. (IMPRINT)
Place of publication, distribution, etc New Delhi
Name of publisher, distributor, etc Ane Books Pvt. Ltd.
270 ## - ADDRESS
Address 4821, Parwana Bhawan, 1st floor, 24 Ansari Road, Darya Ganj
300 ## - PHYSICAL DESCRIPTION
Extent 232p.
Dimensions 24cm(Hb)
520 ## - SUMMARY, ETC.
Summary, etc its includs index and bibliography
942 ## - ADDED ENTRY ELEMENTS (KOHA)
Source of classification or shelving scheme Dewey Decimal Classification
Item type English Books
Classification part 621.4021
Call number suffix BAB
Holdings
Withdrawn status Lost status Not for loan Collection code Home library Current library Date acquired Source of acquisition Cost, normal purchase price Full call number Barcode Copy number Cost, replacement price Koha item type
      Non-fiction Andrews Gunj Andrews Gunj 24/07/2019 DBAD/PUB 995.00 621.4021 BAB EN-109591 1 995.00 English Books

© Delhi Public Library
Hit Counter
free hit counter